000 00676cam a22002293a 4500
001 13607
003 PGUSA
005 20140828083307.0
008 041005s2004||||xxu|||||s|||||000 | eng d
040 _aPGUSA
_beng
042 _adc
050 4 _aDC
100 1 _aThiers, Adolphe,
_d1797-1877
245 1 0 _aHistoire de la Révolution française, Tome 10
_h[electronic resource] /
_cAdolphe Thiers
260 _bProject Gutenberg,
_c2004
506 _aPublic domain in the USA.
516 _aElectronic text
653 _aFrance -- History -- Revolution, 1789-1799
830 0 _aProject Gutenberg
_v13607
856 4 0 _uhttp://www.gutenberg.org/ebooks/13607
942 _cEB
999 _c242862
_d242862